Journal of Documentation

Detalles Bibliográficos
Formato: eBook
Lenguaje:inglés
Publicado: Bingley: Emerald Group Publishing Limited, 1945 -
Materias:
Acceso en línea:Acceso restringido

MARC

LEADER 00000nam a22000007a 4500
005 20210210212516.0
007 cr|||| ||||
008 210210c19459999gb n|w s|||| 0|||b1eng d
022 |a 0022-0418 
035 |a 31941 
040 |a vLex 
090 |c 11141  |d 11141 
245 0 0 |a  Journal of Documentation  |h [Recurso electrn̤ico] / 
256 |a Servicio en ln̕ea 
260 |a Bingley:  |b Emerald Group Publishing Limited,  |c 1945 - 
300 |a 1 recurso electrn̤ico 
310 |a Irregular 
362 |a Nð 1-1 (Feb. 1945) - 
506 1 |a Disponible solo en los productos indicados  |d vLex Global  |d vLex Global (Academic Edition, excluding Law Schools)  |d vLex Global (U.S. Academic Edition, Law Schools)  |d vLex Global (U.S. Academic Edition, excluding Law Schools)  |d vLex Global (Academic Edition, Law Schools) 
650 0 4 |a Derecho Pb︢lico y Administrativo  |z Reino Unido 
650 0 4 |a Derecho Constitucional  |z Reino Unido 
650 0 4 |a Derecho de las Nuevas Tecnologa̕s  |z Reino Unido 
740 0 |a vLex Revistas (Servicio en ln̕ea) 
856 4 0 |u http://vlex.com/source/31941  |z Acceso restringido 
942 |c REV 
999 0 |a Public and Administrative Law 
999 0 |a Constitutional Law 
999 0 |a New Technologies Law